Annual review of plant biology V.53, 2002 (Record no. 42015)

MARC details
000 -LEADER
fixed length control field 00325nam a2200121Ia 4500
020 ## - INTERNATIONAL STANDARD BOOK NUMBER
ISBN 0824306538
082 ## - DEWEY DECIMAL CLASSIFICATION NUMBER
Classification number 581.1
Item number ANN.53
100 ## - MAIN ENTRY--AUTHOR NAME
Personal name Delmer, Deborah P
245 #0 - TITLE STATEMENT
Title Annual review of plant biology V.53, 2002
260 ## - PUBLICATION, DISTRIBUTION, ETC. (IMPRINT)
Place of publication California
Name of publisher Annual Reviews
Year of publication 2002
942 ## - ADDED ENTRY ELEMENTS (KOHA)
Koha item type Books
Holdings
Withdrawn status Lost status Damaged status Not for loan Home library Current library Date acquired Cost, normal purchase price Full call number Accession Number Koha item type
        RRII Library RRII Library 16/12/2021 155.00 581.1 ANN.53 22295 Books